5HLuxD.jpg

KING HENRY VIII SENIOR AND PRIMARY SCHOOL LIBRARY OPAC

Sapphire Battersea / (Record no. 2226)

000 -LEADER
fixed length control field 01388cam a2200337 i 4500
001 - CONTROL NUMBER
control field (Sirsi) a1023785
003 - CONTROL NUMBER IDENTIFIER
control field OSt
005 - DATE AND TIME OF LATEST TRANSACTION
control field 20230403095820.0
008 - FIXED-LENGTH DATA ELEMENTS--GENERAL INFORMATION
fixed length control field 180221r20162011enka c 000 1 eng d
020 ## - INTERNATIONAL STANDARD BOOK NUMBER
International Standard Book Number 9780440869276
Qualifying information (paperback) :
040 ## - CATALOGING SOURCE
Original cataloging agency UKMGB
Language of cataloging eng
Transcribing agency UKMGB
Modifying agency AUMCS
-- OCLCO
-- OCLCQ
-- OCLCF
-- OCLCO
-- LTU
-- TAE
-- KH8
Description conventions rda
042 ## - AUTHENTICATION CODE
Authentication code nbic
043 ## - GEOGRAPHIC AREA CODE
Geographic area code e-uk---
082 0# - DEWEY DECIMAL CLASSIFICATION NUMBER
Classification number 823.914 WIL
100 1# - MAIN ENTRY--PERSONAL NAME
Personal name Wilson, Jacqueline,
Relator term author.
245 10 - TITLE STATEMENT
Title Sapphire Battersea /
Statement of responsibility, etc. Jacqueline Wilson ; illustrated by Nick Sharratt.
264 #1 - PRODUCTION, PUBLICATION, DISTRIBUTION, MANUFACTURE, AND COPYRIGHT NOTICE
Place of production, publication, distribution, manufacture London :
Name of producer, publisher, distributor, manufacturer Corgi Yearling,
Date of production, publication, distribution, manufacture, or copyright notice 2016.
264 #4 - PRODUCTION, PUBLICATION, DISTRIBUTION, MANUFACTURE, AND COPYRIGHT NOTICE
Date of production, publication, distribution, manufacture, or copyright notice ©2011.
300 ## - PHYSICAL DESCRIPTION
Extent 394, 18 pages :
Other physical details illustrations ;
Dimensions 20 cm.
336 ## - CONTENT TYPE
Content type term text
Content type code txt
Source rdacontent.
337 ## - MEDIA TYPE
Media type term unmediated
Media type code n
Source rdamedia.
338 ## - CARRIER TYPE
Carrier type term volume
Carrier type code nc
Source rdacarrier.
490 0# - SERIES STATEMENT
Series statement A Hetty Feather adventure.
500 ## - GENERAL NOTE
General note Originally published: London: Doubleday, 2011.
520 ## - SUMMARY, ETC.
Summary, etc. This is a fascinating, funny and moving Victorian-era novel featuring Hetty Feather. Hetty Feather is a Foundling Hospital girl and was given her name when she was left there as a baby by her mother. But she always longed to be called Sapphire, after her sapphire-blue eyes.
521 1# - TARGET AUDIENCE NOTE
Target audience note Ages 9-12.
650 #0 - SUBJECT ADDED ENTRY--TOPICAL TERM
Topical term or geographic name entry element Orphans
Form subdivision Juvenile fiction.
651 #0 - SUBJECT ADDED ENTRY--GEOGRAPHIC NAME
Geographic name Great Britain
General subdivision History
Chronological subdivision Victoria, 1837-1901
Form subdivision Juvenile fiction.
700 1# - ADDED ENTRY--PERSONAL NAME
Personal name Sharratt, Nick,
Relator term illustrator.
942 ## - ADDED ENTRY ELEMENTS (KOHA)
Source of classification or shelving scheme
Koha item type Books - Non Ficton
Holdings
Withdrawn status Lost status Source of classification or shelving scheme Damaged status Not for loan Collection code Permanent Location Current Location Shelving location Date acquired Full call number Barcode Date last seen Price effective from Koha item type
          Non-Fiction KH8 Primary School Library KH8 Primary School Library Non Fiction 2023-04-03 823.914 WIL KHPL000003972 2025-12-05 2023-04-03 Books - Non Ficton

Powered By KH8 IT Dept